| 000 | 01456cam a22003011i 4500 | ||
|---|---|---|---|
| 003 | SA-RiAUC | ||
| 005 | 20250727064720.0 | ||
| 008 | 250726s1992 su o g 000r0 ara c | ||
| 040 |
_aSA-MdTU _bara _cSA-RiAUC _erda |
||
| 043 | _aa-su--- | ||
| 050 | 4 | _b.G43 1992 | |
| 082 | 0 | 4 |
_a953.122 _qSA-RiAUC |
| 090 |
_a953.122 _bغ ا م |
||
| 100 | 1 |
_aالغامدي، عاصم حمدان علي، _d1373 هجري- _eمؤلف. |
|
| 245 | 1 | 0 |
_aحارة الأغوات : _bصورة أدبية للمدينة المنورة في القرن الرابع عشر الهجري / _cتأليف عاصم حمدان علي الغامدي ؛ تقديم غازي عبيد مدني. |
| 246 | 3 |
_aحارة الأغوات : _bصورة أدبية للمدينة المنورة في القرن 14 هجري |
|
| 250 | _aالطبعة الأولى. | ||
| 264 | 1 |
_aجدة، السعودية : _bدار القبلة للثقافة الإسلامية، _c1992 |
|
| 300 |
_a143 صفحة : _bصور ؛ _c24 سم |
||
| 336 |
_aنص _btxt _2rdacontent _3كتاب |
||
| 337 |
_aبدون وسيط _bn _2rdamedia |
||
| 338 |
_aمجلد _bnc _2rdacarrier |
||
| 651 | 7 |
_aالمدينة المنورة _xتاريخ _yقرن 14 هجري _2aucsh |
|
| 651 | 7 |
_aالمدينة المنورة _xأحوال اجتماعية _xتاريخ _yقرن 14 هجري _2aucsh |
|
| 700 | 1 |
_aمدني، غازي عبيد _eمقدم. |
|
| 942 |
_2ddc _cBOOK _n0 |
||
| 949 |
_aSA-JeALM _d250726 _umohamedma123 _n1 |
||
| 999 |
_c10334 _d10334 |
||